8th italian conference on general relativity and gravitational physics : (Record no. 28985)
[ view plain ]
| 000 -LEADER | |
|---|---|
| fixed length control field | 01000 a2200229 4500 |
| 020 ## - INTERNATIONAL STANDARD BOOK NUMBER | |
| International Standard Book Number | 9971508443 |
| 020 ## - INTERNATIONAL STANDARD BOOK NUMBER | |
| International Standard Book Number | 9789971508449 |
| 082 04 - DEWEY DECIMAL CLASSIFICATION NUMBER | |
| Classification number | 530.11 |
| 090 ## - LOCALLY ASSIGNED LC-TYPE CALL NUMBER (OCLC); LOCAL CALL NUMBER (RLIN) | |
| -- | 352 |
| -- | 352 |
| 100 1# - MAIN ENTRY--PERSONAL NAME | |
| Personal name | Cavalese, Italy) Italian Conference on General Relativity and Gravitational Physics (8th : 1988 : |
| 245 10 - TITLE STATEMENT | |
| Title | 8th italian conference on general relativity and gravitational physics : |
| Remainder of title | cavalese / |
| Statement of responsibility, etc. | Italy) Italian Conference on General Relativity and Gravitational Physics (8th : 1988 : Cavalese, R. Cianci, M. Francaviglia, M. Cerdonio, M. Toller. |
| 260 ## - PUBLICATION, DISTRIBUTION, ETC. | |
| Place of publication, distribution, etc. | [S.l.] : |
| Name of publisher, distributor, etc. | World Scientific Pub Co Inc, |
| Date of publication, distribution, etc. | 1989. |
| 300 ## - PHYSICAL DESCRIPTION | |
| Extent | 700 p. |
| 490 1# - SERIES STATEMENT | |
| Series statement | Trento august 30-september 3, 1988. |
| 700 1# - ADDED ENTRY--PERSONAL NAME | |
| Personal name | Cianci, R. |
| 700 1# - ADDED ENTRY--PERSONAL NAME | |
| Personal name | Francaviglia, M. |
| 700 1# - ADDED ENTRY--PERSONAL NAME | |
| Personal name | Cerdonio, M. |
| 700 1# - ADDED ENTRY--PERSONAL NAME | |
| Personal name | Toller, M. |
| 830 #0 - SERIES ADDED ENTRY--UNIFORM TITLE | |
| Uniform title | Trento august 30-september 3, 1988. |
| 942 ## - ADDED ENTRY ELEMENTS (KOHA) | |
| Institution code [OBSOLETE] | SNS |
| Koha item type | Book |
| Call number prefix | 530.11 CER |
| Withdrawn status | Lost status | Damaged status | Not for loan | Permanent Location | Current Location | Date acquired | Total Checkouts | Full call number | Barcode | Date last seen | Price effective from | Koha item type |
|---|---|---|---|---|---|---|---|---|---|---|---|---|
| School of Natural Sciences (SNS) | School of Natural Sciences (SNS) | 05/26/2016 | 530.11 CER | SNS0000271 | 05/26/2016 | 05/26/2016 | Book |
